000 00200nam a22000857a 4500
008 161123b xxu||||| |||| 00| 0 eng d
100 _91339
_aMethuen
245 _aBilly-Bob Tales
260 _bDean Bars
_c1938
999 _c4052
_d4052